[Event "ACP Blitz Prelim1 3rd"]
[Site "Playchess.com INT"]
[Date "2004.05.31"]
[Round "5"]
[White "Atarov, Evgeniy"]
[Black "Bartel, Mateusz"]
[Result "1-0"]
[WhiteElo "2138"]
[BlackElo "2482"]
[PlyCount "83"]
[EventDate "2004.05.31"]
[EventType "tourn (blitz)"]
[EventRounds "22"]
[EventCountry "GER"]
[EventCategory "11"]
[SourceTitle "CBM 100 Extra"]
[Source "ChessBase"]
[SourceDate "2004.07.06"]
[SourceVersion "2"]
[SourceVersionDate "2004.07.06"]
[SourceQuality "1"]

1. e4 e6 2. d4 d5 3. e5 c5 4. c3 Qb6 5. Nf3 Bd7 6. Be2 Bb5 7. 0-0 Bxe2 8. Qxe2 cxd4 9. cxd4 Nc6 10. Be3 Nge7 11. Nc3 Nf5 12. Rfd1 Bb4 13. Rac1 0-0 14. h3 Rac8 15. a3 Bxc3 16. Rxc3 Na5 17. Rdc1 Rxc3 18. Rxc3 Nc4 19. Qc2 h6 20. a4 Qxb2 21. Rxc4 Qa1+ 22. Qc1 Qa2 23. Rc8 Qxa4 24. Rxf8+ Kxf8 25. Qc8+ Ke7 26. Qxb7+ Kf8 27. Qc8+ Ke7 28. Bd2 f6 29. Qb7+ Kf8 30. exf6 gxf6 31. Qc8+ Kf7 32. Qc7+ Kf8 33. Qh7 Nxd4 34. Bxh6+ Ke8 35. Qg8+ Kd7 36. Qf7+ Kc8 37. Nxd4 Qxd4 38. Qxe6+ Kb7 39. Be3 Qa1+ 40. Kh2 Qe5+ 41. Qxe5 fxe5 42. h4 1-0

[Event "ACP Blitz Prelim1 3rd"]
[Site "Playchess.com INT"]
[Date "2004.05.31"]
[Round "17"]
[White "Atarov, Evgeniy"]
[Black "Nielsen, Peter Heine"]
[Result "1-0"]
[WhiteElo "2138"]
[BlackElo "2638"]
[PlyCount "85"]
[EventDate "2004.05.31"]
[EventType "tourn (blitz)"]
[EventRounds "22"]
[EventCountry "GER"]
[EventCategory "11"]
[SourceTitle "CBM 100 Extra"]
[Source "ChessBase"]
[SourceDate "2004.07.06"]
[SourceVersion "2"]
[SourceVersionDate "2004.07.06"]
[SourceQuality "1"]

1. e4 c6 2. d4 d5 3. e5 Bf5 4. c4 e6 5. Nc3 Nd7 6. Be3 Ne7 7. Rc1 dxc4 8. Bxc4 Nb6 9. Bb3 Ned5 10. Nge2 Be7 11. Ng3 Bg6 12. 0-0 0-0 13. Qd2 a5 14. a3 Nxc3 15. Qxc3 a4 16. Ba2 Nd5 17. Qd2 Qd7 18. Rfd1 Rfd8 19. Bg5 Bxg5 20. Qxg5 Qe7 21. Qg4 h6 22. h4 Ra6 23. Rd2 Rb6 24. Rc4 Ra8 25. Rc1 Ra5 26. Re1 Rab5 27. Ree2 Qd8 28. Bc4 Ra5 29. f4 Ne7 30. h5 Bh7 31. Kh2 Nf5 32. Ne4 Qh4+ 33. Qxh4 Nxh4 34. Nc5 Ra8 35. Nd7 Rb3 36. Bxb3 axb3 37. Nc5 Bc2 38. Re3 Nf5 39. Rc3 Rxa3 40. Rdxc2 bxc2 41. bxa3 Nxd4 42. Nd3 Kf8 43. Rc4 1-0

[Event "ACP Blitz Prelim1 3rd"]
[Site "Playchess.com INT"]
[Date "2004.05.31"]
[Round "7"]
[White "Atarov, Evgeniy"]
[Black "Pelletier, Yannick"]
[Result "1/2-1/2"]
[WhiteElo "2138"]
[BlackElo "2587"]
[PlyCount "103"]
[EventDate "2004.05.31"]
[EventType "tourn (blitz)"]
[EventRounds "22"]
[EventCountry "GER"]
[EventCategory "11"]
[SourceTitle "CBM 100 Extra"]
[Source "ChessBase"]
[SourceDate "2004.07.06"]
[SourceVersion "2"]
[SourceVersionDate "2004.07.06"]
[SourceQuality "1"]

1. e4 c5 2. Nf3 e6 3. d4 cxd4 4. Nxd4 Nc6 5. Nc3 Qc7 6. Be3 a6 7. Be2 Nf6 8. 0-0 Bb4 9. Na4 Be7 10. Nc3 d6 11. f4 0-0 12. Nb3 b5 13. a3 Bb7 14. g4 d5 15. e5 Ne4 16. Nxe4 dxe4 17. c3 Rad8 18. Qe1 Na5 19. Nxa5 Qxa5 20. Qf2 Qa4 21. Bd1 Qc4 22. Be2 Qc6 23. Rad1 f6 24. Rxd8 Bxd8 25. exf6 Bxf6 26. Bd1 Kh8 27. Bb3 Rd8 28. Rd1 Rd3 29. Bc2 Qd5 30. Qe2 Bh4 31. Kg2 g5 32. Kh3 Rxd1 33. Qxd1 h6 34. Qd4+ Qxd4 35. Bxd4+ Kg8 36. Be3 Kf7 37. a4 Bd5 38. axb5 axb5 39. b3 gxf4 40. Bxf4 Bf2 41. Kg2 e3+ 42. Kf1 Bf3 43. Bd3 Bxg4 44. Bxb5 Bh3+ 45. Ke2 Bg4+ 46. Kf1 h5 47. Bd3 Kf6 48. Bg3 Bh3+ 49. Ke2 Bg4+ 50. Kf1 Bh3+ 51. Ke2 Bg4+ 52. Kf1 1/2-1/2

[Event "ACP Blitz Prelim1 3rd"]
[Site "Playchess.com INT"]
[Date "2004.05.31"]
[Round "16"]
[White "Bartel, Mateusz"]
[Black "Atarov, Evgeniy"]
[Result "1-0"]
[WhiteElo "2482"]
[BlackElo "2138"]
[PlyCount "135"]
[EventDate "2004.05.31"]
[EventType "tourn (blitz)"]
[EventRounds "22"]
[EventCountry "GER"]
[EventCategory "11"]
[SourceTitle "CBM 100 Extra"]
[Source "ChessBase"]
[SourceDate "2004.07.06"]
[SourceVersion "2"]
[SourceVersionDate "2004.07.06"]
[SourceQuality "1"]

1. e4 c5 2. Ne2 Nc6 3. Nbc3 Nf6 4. g3 g6 5. d4 cxd4 6. Nxd4 Bg7 7. Nde2 0-0 8. Bg2 a6 9. 0-0 d6 10. Bg5 h6 11. Be3 Kh7 12. h3 Bd7 13. Qd2 Rc8 14. Rac1 Ne5 15. b3 Qa5 16. f4 Nc6 17. Rfd1 Rfd8 18. Nd5 Qxd2 19. Rxd2 Nxd5 20. exd5 Nb8 21. Bb6 Re8 22. c4 h5 23. Nd4 Bf5 24. Nxf5 gxf5 25. Bf2 Nd7 26. Bf3 Kg6 27. Rdc2 a5 28. Kg2 Nc5 29. Rd1 Bf6 30. Re2 Rg8 31. h4 Rc7 32. Kf1 Rb8 33. Rc2 b5 34. cxb5 Rxb5 35. Rdc1 a4 36. bxa4 Ra5 37. Rc4 Rca7 38. Bd1 Bb2 39. R1c2 Bf6 40. Bxc5 dxc5 41. Rxc5 Rxa4 42. d6 exd6 43. Rd5 Rxa2 44. Rxd6 Rxc2 45. Bxc2 Ra5 46. Ke2 Rc5 47. Bd3 Ra5 48. Bc4 Rc5 49. Kd3 Rc7 50. Ra6 Rb7 51. Ra5 Rd7+ 52. Ke2 Re7+ 53. Kd2 Rd7+ 54. Bd3 Bd8 55. Rb5 Kg7 56. Ke2 Re7+ 57. Kf3 Rc7 58. Rxf5 Rc3 59. Ke2 Bb6 60. Rxh5 Ra3 61. Rg5+ Kf8 62. Rb5 Ra2+ 63. Kf3 Bd8 64. Kg4 Ke7 65. Rb7+ Kf8 66. Bc4 f6 67. Bxa2 Ke8 68. Rf7 1-0

[Event "ACP Blitz Prelim1 3rd"]
[Site "Playchess.com INT"]
[Date "2004.05.31"]
[Round "6"]
[White "Nielsen, Peter Heine"]
[Black "Atarov, Evgeniy"]
[Result "1-0"]
[WhiteElo "2638"]
[BlackElo "2138"]
[PlyCount "85"]
[EventDate "2004.05.31"]
[EventType "tourn (blitz)"]
[EventRounds "22"]
[EventCountry "GER"]
[EventCategory "11"]
[SourceTitle "CBM 100 Extra"]
[Source "ChessBase"]
[SourceDate "2004.07.06"]
[SourceVersion "2"]
[SourceVersionDate "2004.07.06"]
[SourceQuality "1"]

1. d4 Nf6 2. c4 e6 3. Nc3 Bb4 4. Qc2 c5 5. dxc5 0-0 6. a3 Bxc5 7. Nf3 Nc6 8. Bg5 h6 9. Bh4 Be7 10. e4 a6 11. e5 Ne8 12. Bg3 d6 13. 0-0-0 Qc7 14. exd6 Bxd6 15. Rxd6 Nxd6 16. c5 e5 17. cxd6 Qxd6 18. Bc4 Qc5 19. Nd5 Be6 20. Ne3 Nd4 21. Nxd4 Qxd4 22. Bxe6 fxe6 23. Rd1 Qb6 24. Kb1 Rac8 25. Qe4 Rc5 26. Rd7 Rf7 27. Rxf7 Kxf7 28. Bxe5 Qb3 29. Bd4 Rb5 30. Qf3+ Kg8 31. Qg4 Qd3+ 32. Ka1 e5 33. Bc3 Rc5 34. Qe6+ Kh8 35. Qb3 Rb5 36. Qc4 Qd7 37. h4 Qe7 38. h5 Qf6 39. f3 Qg5 40. Qc8+ Kh7 41. Qf5+ Qxf5 42. Nxf5 Rb6 43. Ne3 1-0

[Event "ACP Blitz Prelim1 3rd"]
[Site "Playchess.com INT"]
[Date "2004.05.31"]
[Round "18"]
[White "Pelletier, Yannick"]
[Black "Atarov, Evgeniy"]
[Result "1-0"]
[WhiteElo "2587"]
[BlackElo "2138"]
[PlyCount "93"]
[EventDate "2004.05.31"]
[EventType "tourn (blitz)"]
[EventRounds "22"]
[EventCountry "GER"]
[EventCategory "11"]
[SourceTitle "CBM 100 Extra"]
[Source "ChessBase"]
[SourceDate "2004.07.06"]
[SourceVersion "2"]
[SourceVersionDate "2004.07.06"]
[SourceQuality "1"]

1. e4 c5 2. Nf3 Nc6 3. d4 cxd4 4. Nxd4 e5 5. Nb5 d6 6. N1c3 a6 7. Na3 b5 8. Nd5 Be7 9. c4 b4 10. Nc2 a5 11. Bd3 Nf6 12. 0-0 0-0 13. Be3 Rb8 14. f3 Nd7 15. b3 Bg5 16. Bf2 Nc5 17. Be2 Kh8 18. Nce3 Nd4 19. Re1 g6 20. Bf1 f5 21. exf5 gxf5 22. f4 Bf6 23. Nxf6 Qxf6 24. Nd5 Qg7 25. fxe5 dxe5 26. Rxe5 Nde6 27. Re1 Ne4 28. Be3 Bb7 29. Nf4 Nxf4 30. Bxf4 Rbd8 31. Qc2 Bc6 32. Rad1 Kg8 33. c5 h6 34. h3 Kh7 35. Kh2 Rg8 36. Rxd8 Rxd8 37. Rd1 Rg8 38. Bc4 Re8 39. Bd5 Bb5 40. c6 Ba6 41. c7 Bc8 42. Qc6 Nf6 43. Bf3 Bd7 44. Rxd7 Qxd7 45. Qxf6 Qg7 46. Qxg7+ Kxg7 47. Bb7 1-0

[Event "ACP Blitz Prelim1 3rd"]
[Site "Playchess.com INT"]
[Date "2004.05.31"]
[Round "14"]
[White "Volokitin, Andrei"]
[Black "Atarov, Evgeniy"]
[Result "0-1"]
[WhiteElo "2594"]
[BlackElo "2138"]
[PlyCount "80"]
[EventDate "2004.05.31"]
[EventType "tourn (blitz)"]
[EventRounds "22"]
[EventCountry "GER"]
[EventCategory "11"]
[SourceTitle "CBM 100 Extra"]
[Source "ChessBase"]
[SourceDate "2004.07.06"]
[SourceVersion "2"]
[SourceVersionDate "2004.07.06"]
[SourceQuality "1"]

1. e4 c5 2. Nf3 Nc6 3. Nc3 e5 4. Bc4 Be7 5. 0-0 Nf6 6. Ng5 0-0 7. f4 exf4 8. d3 Ne5 9. Bxf4 d6 10. Bxe5 dxe5 11. Qe1 h6 12. Nf3 Bg4 13. Kh1 Bxf3 14. Rxf3 g6 15. Qg3 Kg7 16. Raf1 Qd6 17. Rf5 Rae8 18. Nb5 Qb8 19. R5f3 a6 20. Nc3 b5 21. Bb3 c4 22. dxc4 b4 23. Qf2 bxc3 24. Rxf6 Bxf6 25. Qxf6+ Kh7 26. bxc3 Re6 27. Qf3 f5 28. c5 Ref6 29. Qd1 Qd8 30. Qe1 fxe4 31. Rg1 Qc7 32. Qxe4 Qxc5 33. Qb7+ Kh8 34. h3 Rf1 35. Rxf1 Rxf1+ 36. Kh2 Qg1+ 37. Kg3 Qe3+ 38. Kh2 Qf4+ 39. g3 Qd2+ 40. Qg2 Rf2 0-1

[Event "ACP Blitz Prelim3"]
[Site "Playchess.com INT"]
[Date "2004.04.14"]
[Round "4"]
[White "Atarov, Evgeniy"]
[Black "Berg, Emanuel"]
[Result "0-1"]
[WhiteElo "2138"]
[BlackElo "2495"]
[PlyCount "106"]
[EventDate "2004.04.14"]
[EventType "tourn (blitz)"]
[EventRounds "17"]
[EventCountry "GER"]
[EventCategory "12"]
[SourceTitle "CBM 099 Extra"]
[Source "ChessBase"]
[SourceDate "2004.05.04"]
[SourceVersion "1"]
[SourceVersionDate "2004.05.04"]
[SourceQuality "1"]

1. e4 e6 2. d3 c5 3. Nf3 Nc6 4. Nbd2 d5 5. g3 Bd6 6. Bg2 Nge7 7. 0-0 0-0 8. Re1 Qc7 9. c3 Bd7 10. Qc2 Rac8 11. a3 b5 12. Nf1 d4 13. cxd4 cxd4 14. Bd2 e5 15. Rac1 f6 16. Qb3+ Kh8 17. Qa2 Qb6 18. Nh4 g5 19. Nf3 a5 20. h4 h6 21. hxg5 fxg5 22. N1h2 Ng6 23. Bxg5 hxg5 24. Nxg5 Nd8 25. Rxc8 Bxc8 26. Rc1 Bd7 27. Qd5 Ne7 28. Qb3 Bb8 29. Nhf3 Qf6 30. Rc5 Bd6 31. Rc1 Kg7 32. Qc2 Nb7 33. Qd2 Nc5 34. Qd1 Bg4 35. b4 axb4 36. axb4 Na4 37. Qb3 Rc8 38. Rxc8 Bxc8 39. Qc2 Bd7 40. Qd2 Nc3 41. Nh4 Bxb4 42. Ngf3 Bg4 43. Qb2 Bc5 44. Qd2 b4 45. Qb2 Qe6 46. Nd2 Qa2 47. Qxa2 Nxa2 48. Nb3 Bb6 49. f3 Be6 50. Nd2 b3 51. f4 Ba5 52. Nb1 Nc3 53. Na3 Bb4 0-1

[Event "ACP Blitz Prelim3"]
[Site "Playchess.com INT"]
[Date "2004.04.14"]
[Round "1"]
[White "Atarov, Evgeniy"]
[Black "Nielsen, Peter Heine"]
[Result "0-1"]
[WhiteElo "2138"]
[BlackElo "2628"]
[PlyCount "72"]
[EventDate "2004.04.14"]
[EventType "tourn (blitz)"]
[EventRounds "17"]
[EventCountry "GER"]
[EventCategory "12"]
[SourceTitle "CBM 099 Extra"]
[Source "ChessBase"]
[SourceDate "2004.05.04"]
[SourceVersion "1"]
[SourceVersionDate "2004.05.04"]
[SourceQuality "1"]

1. e4 c6 2. d4 d5 3. e5 Bf5 4. c4 e6 5. Nc3 Ne7 6. Be3 Nd7 7. Rc1 dxc4 8. Bxc4 Nb6 9. Bb3 Ned5 10. Nge2 Be7 11. Ng3 Bg6 12. 0-0 0-0 13. Qe2 a5 14. a3 Nxc3 15. Rxc3 a4 16. Ba2 Nd5 17. Rcc1 Qb6 18. Bxd5 cxd5 19. f4 Rac8 20. Rxc8 Rxc8 21. f5 exf5 22. Nxf5 Bf8 23. h4 Qb3 24. Qf3 Bxf5 25. Qxf5 Qxe3+ 26. Kh1 Rc7 27. Rf4 g6 28. Qg5 h6 29. Qg4 Rc1+ 30. Kh2 Qg1+ 31. Kh3 Re1 32. Rf3 Re3 33. e6 Rxf3+ 34. Qxf3 Qh1+ 35. Kg3 Bd6+ 36. Kg4 f5+ 0-1

[Event "ACP Blitz Prelim3"]
[Site "Playchess.com INT"]
[Date "2004.04.14"]
[Round "2"]
[White "Atarov, Evgeniy"]
[Black "Sharevich, Anna"]
[Result "1/2-1/2"]
[WhiteElo "2138"]
[BlackElo "2240"]
[PlyCount "75"]
[EventDate "2004.04.14"]
[EventType "tourn (blitz)"]
[EventRounds "17"]
[EventCountry "GER"]
[EventCategory "12"]
[SourceTitle "CBM 099 Extra"]
[Source "ChessBase"]
[SourceDate "2004.05.04"]
[SourceVersion "1"]
[SourceVersionDate "2004.05.04"]
[SourceQuality "1"]

1. e4 c5 2. Nf3 e6 3. d4 cxd4 4. Nxd4 a6 5. Nc3 b5 6. Bd3 Qb6 7. Nb3 Qc7 8. 0-0 Bb7 9. f4 d6 10. Qe2 Nf6 11. a3 Nbd7 12. Be3 Be7 13. Nd4 0-0 14. g4 Nc5 15. Bf2 Nfd7 16. g5 Rfe8 17. Qh5 g6 18. Qg4 e5 19. Nf3 exf4 20. Qxf4 Ne6 21. Qg3 Ne5 22. h4 Nxf3+ 23. Qxf3 Bf8 24. Nd5 Bxd5 25. exd5 Nc5 26. Bd4 Bg7 27. Bxg7 Kxg7 28. Rae1 Nxd3 29. Qxd3 Qc5+ 30. Kg2 Rac8 31. c3 Rxe1 32. Rxe1 Qc4 33. Qf3 Qxh4 34. Qf6+ Kg8 35. Re7 Qg4+ 36. Kf2 Qh4+ 37. Kg2 Qg4+ 38. Kf2 1/2-1/2

[Event "ACP Blitz Prelim3"]
[Site "Playchess.com INT"]
[Date "2004.04.14"]
[Round "15"]
[White "Golubev, Mikhail"]
[Black "Atarov, Evgeniy"]
[Result "1-0"]
[WhiteElo "2532"]
[BlackElo "2138"]
[PlyCount "31"]
[EventDate "2004.04.14"]
[EventType "tourn (blitz)"]
[EventRounds "17"]
[EventCountry "GER"]
[EventCategory "12"]
[SourceTitle "CBM 099 Extra"]
[Source "ChessBase"]
[SourceDate "2004.05.04"]
[SourceVersion "1"]
[SourceVersionDate "2004.05.04"]
[SourceQuality "1"]

1. e4 c6 2. d4 d5 3. Nc3 dxe4 4. Nxe4 Nd7 5. Ng5 e6 6. N1f3 Ngf6 7. Bd3 Bd6 8. Qe2 Nb6 9. Ne5 Bxe5 10. dxe5 Nfd5 11. Nxh7 Nb4 12. Be4 Qd4 13. c3 Qxe5 14. cxb4 Bd7 15. Ng5 f5 16. Bf3 1-0

[Event "ACP Blitz Prelim3"]
[Site "Playchess.com INT"]
[Date "2004.04.14"]
[Round "5"]
[White "Petrosian, Tigran L"]
[Black "Atarov, Evgeniy"]
[Result "1-0"]
[WhiteElo "2539"]
[BlackElo "2138"]
[PlyCount "51"]
[EventDate "2004.04.14"]
[EventType "tourn (blitz)"]
[EventRounds "17"]
[EventCountry "GER"]
[EventCategory "12"]
[SourceTitle "CBM 099 Extra"]
[Source "ChessBase"]
[SourceDate "2004.05.04"]
[SourceVersion "1"]
[SourceVersionDate "2004.05.04"]
[SourceQuality "1"]

1. e4 c5 2. Nc3 Nc6 3. Bb5 g6 4. Bxc6 dxc6 5. d3 Bg7 6. f4 Nf6 7. Nf3 0-0 8. 0-0 Bg4 9. Qe1 Nd7 10. Nd2 Nb6 11. f5 gxf5 12. h3 Bh5 13. exf5 f6 14. Nde4 Nd7 15. Qh4 Bf7 16. Bf4 Kh8 17. Rae1 c4 18. dxc4 Bxc4 19. Rf3 Qa5 20. Ng3 Qc5+ 21. Kh2 Ne5 22. Bxe5 fxe5 23. Nce4 Qa5 24. Rd1 Bf6 25. Nxf6 exf6 26. Qxc4 1-0

[Event "ACP Blitz Prelim3"]
[Site "Playchess.com INT"]
[Date "2004.04.14"]
[Round "7"]
[White "Relange, Eloi"]
[Black "Atarov, Evgeniy"]
[Result "1-0"]
[WhiteElo "2505"]
[BlackElo "2138"]
[PlyCount "77"]
[EventDate "2004.04.14"]
[EventType "tourn (blitz)"]
[EventRounds "17"]
[EventCountry "GER"]
[EventCategory "12"]
[SourceTitle "CBM 099 Extra"]
[Source "ChessBase"]
[SourceDate "2004.05.04"]
[SourceVersion "1"]
[SourceVersionDate "2004.05.04"]
[SourceQuality "1"]

1. d4 Nf6 2. Nf3 e6 3. c4 Bb4+ 4. Bd2 Qe7 5. g3 b6 6. Bg2 Bb7 7. 0-0 Bxd2 8. Qxd2 0-0 9. Re1 d6 10. Nc3 Ne4 11. Qc2 Nxc3 12. Qxc3 Nd7 13. e4 e5 14. d5 a5 15. b3 Bc8 16. a3 Nf6 17. b4 Bg4 18. Nd2 Nd7 19. f3 Bh5 20. Bh3 Bg6 21. Bxd7 Qxd7 22. c5 axb4 23. axb4 bxc5 24. bxc5 f5 25. cxd6 cxd6 26. Qc6 Qxc6 27. dxc6 Rxa1 28. Rxa1 fxe4 29. fxe4 Rc8 30. Rc1 Kf7 31. Nc4 Ke7 32. Nb6 Rc7 33. Nd5+ Kd8 34. Nxc7 Kxc7 35. Rc4 Be8 36. Kf2 Bxc6 37. Ke3 Kd7 38. Rc1 Ba4 39. Ra1 1-0